Personnel management in some Asian countries (Record no. 353335)

000 -LEADER
fixed length control field 00407cam a22001337a 4500
008 - FIXED-LENGTH DATA ELEMENTS--GENERAL INFORMATION
fixed length control field 180718b xxu||||| |||| 00| 0 eng d
082 ## - DEWEY DECIMAL CLASSIFICATION NUMBER
Classification number Kx5 Si64p
245 ## - TITLE STATEMENT
Title Personnel management in some Asian countries
Statement of responsibility, etc. edited by N.K. Singh
260 ## - PUBLICATION, DISTRIBUTION, ETC.
Place of publication, distribution, etc. New Delhi
Name of publisher, distributor, etc. Indian Institute of Public Management
Date of publication, distribution, etc.
300 ## - PHYSICAL DESCRIPTION
Extent 238p.
650 ## - SUBJECT ADDED ENTRY--TOPICAL TERM
Topical term or geographic name entry element Manpower - Asia
650 ## - SUBJECT ADDED ENTRY--TOPICAL TERM
Topical term or geographic name entry element Personnel management - Asia
700 ## - ADDED ENTRY--PERSONAL NAME
Personal name Singh, N.K.
Holdings
Withdrawn status Lost status Damaged status Not for loan Permanent Location Current Location Date acquired Full call number Barcode Date last seen Price effective from Koha item type
        Indian Institute of Public Administration Indian Institute of Public Administration 1993-12-02 Kx5 Si64p 54822 2018-07-21 2018-07-21 Book

Powered by Koha